| 000 | 00796nam a2200253 4500 | ||
|---|---|---|---|
| 008 | s1973 fr fre u | ||
| 040 | _aLB-BrCRDP | ||
| 082 | 1 |
_a150 _bENC |
|
| 100 | 1 | _aHuisman, Denis | |
| 245 | 1 | 0 |
_aPsychologie et pédagogie _cDenis Huisman |
| 260 |
_aParis _bFernand Nathan _c1973 |
||
| 300 |
_a435 p. _bcouv. couleur, ill. coul. _c27 cm |
||
| 490 | 1 | _aEncyclopédie générale de l'homme | |
| 500 | _aTable des matières,bibliographie. | ||
| 650 | 4 | _aPsychologie | |
| 650 | 4 | _aPédagogie | |
| 650 | 4 | _aEnseignement | |
| 650 | 4 | _aEnseignement spécial | |
| 650 | 4 | _aRelation maître - élève | |
| 650 | 4 | _aPsychopédagogie | |
| 830 | 0 |
_aEncyclopédie générale de l'homme _pPsychologie |
|
| 942 | _cBK | ||
| 999 |
_c2296 _d2296 |
||